<?xml version="1.0" encoding="UTF-8"?>
<record
    xmlns:xsi="http://www.w3.org/2001/XMLSchema-instance"
    xsi:schemaLocation="http://www.loc.gov/MARC21/slim http://www.loc.gov/standards/marcxml/schema/MARC21slim.xsd"
    xmlns="http://www.loc.gov/MARC21/slim">

  <leader>00888nam a22002297a 4500</leader>
  <controlfield tag="005">20250128124657.0</controlfield>
  <controlfield tag="008">240423b        mx |||||||||| 00| | spa d</controlfield>
  <datafield tag="020" ind1=" " ind2=" ">
    <subfield code="a">9786075265506</subfield>
  </datafield>
  <datafield tag="040" ind1=" " ind2=" ">
    <subfield code="a">UNAMX</subfield>
    <subfield code="c">UNAMX</subfield>
    <subfield code="d">UNAMX</subfield>
    <subfield code="d">MX-LbUP</subfield>
  </datafield>
  <datafield tag="050" ind1=" " ind2="4">
    <subfield code="a">QA303</subfield>
    <subfield code="b">S74 2018</subfield>
  </datafield>
  <datafield tag="100" ind1="1" ind2=" ">
    <subfield code="a">Stewart, James,</subfield>
    <subfield code="d">1941-</subfield>
    <subfield code="9">1868</subfield>
    <subfield code="e">autor</subfield>
  </datafield>
  <datafield tag="240" ind1="1" ind2="0">
    <subfield code="a"> Single variable calculus.</subfield>
    <subfield code="l">Espa&#xF1;o</subfield>
  </datafield>
  <datafield tag="245" ind1="1" ind2="0">
    <subfield code="a">C&#xE1;lculo de una variable :</subfield>
    <subfield code="b">trascendentes tempranas /</subfield>
    <subfield code="c">James Stewart ; traducci&#xF3;n, Ana Elizabeth Garc&#xED;a Hern&#xE1;ndez, Enrique C. Mercado Gonz&#xE1;lez</subfield>
  </datafield>
  <datafield tag="250" ind1=" " ind2=" ">
    <subfield code="a">8a ed.</subfield>
  </datafield>
  <datafield tag="260" ind1=" " ind2="1">
    <subfield code="a">Ciudad de M&#xE9;xico :</subfield>
    <subfield code="b">Cengage,</subfield>
    <subfield code="c">2018</subfield>
  </datafield>
  <datafield tag="300" ind1=" " ind2=" ">
    <subfield code="a">xxx, 790 p&#xE1;ginas :</subfield>
    <subfield code="b">ilustraciones ;</subfield>
    <subfield code="c">27 cm.</subfield>
  </datafield>
  <datafield tag="500" ind1=" " ind2=" ">
    <subfield code="a">Traducci&#xF3;n de: Single variable calculus.</subfield>
  </datafield>
  <datafield tag="650" ind1=" " ind2="0">
    <subfield code="a">C&#xE1;lculo</subfield>
    <subfield code="9">31</subfield>
  </datafield>
  <datafield tag="700" ind1="1" ind2=" ">
    <subfield code="a">Garc&#xED;a Hern&#xE1;ndez, Ana Elizabeth</subfield>
    <subfield code="9">2315</subfield>
    <subfield code="e">traductor</subfield>
  </datafield>
  <datafield tag="700" ind1="1" ind2=" ">
    <subfield code="a">Mercado Gonz&#xE1;lez, Enrique Cruz</subfield>
    <subfield code="9">5093</subfield>
    <subfield code="e">traductor</subfield>
  </datafield>
  <datafield tag="942" ind1=" " ind2=" ">
    <subfield code="2">lcc</subfield>
    <subfield code="c">LB</subfield>
  </datafield>
  <datafield tag="999" ind1=" " ind2=" ">
    <subfield code="c">8374</subfield>
    <subfield code="d">8374</subfield>
  </datafield>
  <datafield tag="952" ind1=" " ind2=" ">
    <subfield code="0">0</subfield>
    <subfield code="1">0</subfield>
    <subfield code="2">lcc</subfield>
    <subfield code="4">0</subfield>
    <subfield code="7">0</subfield>
    <subfield code="a">UNPATX</subfield>
    <subfield code="b">UNPATX</subfield>
    <subfield code="d">2024-04-23</subfield>
    <subfield code="i">TX005910</subfield>
    <subfield code="l">0</subfield>
    <subfield code="o">QA303 S74 2018</subfield>
    <subfield code="p">TX005910</subfield>
    <subfield code="r">2024-04-23 11:04:25</subfield>
    <subfield code="t">Ej. 1</subfield>
    <subfield code="w">2024-04-23</subfield>
    <subfield code="y">LB</subfield>
  </datafield>
  <datafield tag="952" ind1=" " ind2=" ">
    <subfield code="0">0</subfield>
    <subfield code="1">0</subfield>
    <subfield code="2">lcc</subfield>
    <subfield code="4">0</subfield>
    <subfield code="7">0</subfield>
    <subfield code="a">UNPATX</subfield>
    <subfield code="b">UNPATX</subfield>
    <subfield code="d">2024-04-23</subfield>
    <subfield code="i">TX005911</subfield>
    <subfield code="l">0</subfield>
    <subfield code="o">QA303 S74 2018</subfield>
    <subfield code="p">TX005911</subfield>
    <subfield code="r">2024-04-23 11:04:25</subfield>
    <subfield code="t">Ej. 2</subfield>
    <subfield code="w">2024-04-23</subfield>
    <subfield code="y">LB</subfield>
  </datafield>
</record>
